000 00433nmm a2200157Ia 4500
008 251105s9999||||xx |||||||||||||||||und||
020 _a8482800321
041 _aspa
100 _aRivera, Jose Eustasio
245 0 _aLa vorágine
264 _a[Bogotá, Colombia] :
_bOveja Negra,
_c1983
300 _a360 páginas
650 _aLatin American narrative
856 _uhttps://public.digitaliapublishing.com/a/47452
942 _cCF
999 _c73701
_d73701